[Event "Titled Tuesday intern op 01st Apr Late"]
[Site "Chess.com INT"]
[Date "2025.04.01"]
[Round "4"]
[White "Do Carmo, Gabriel Carckeno"]
[Black "Jankowiak, Tomasz"]
[Result "0-1"]
[WhiteElo "2001"]
[BlackElo "2110"]
[PlyCount "90"]
[EventDate "2025.04.01"]
[EventType "swiss (blitz)"]
[EventRounds "11"]
[EventCountry "USA"]
[SourceTitle "CB21_2025"]
[SourceDate "2025.05.21"]
[SourceVersion "1"]
[SourceVersionDate "2025.05.21"]
[SourceQuality "1"]

1. c4 c6 2. Nf3 d5 3. e3 Nf6 4. b3 e6 5. Bb2 Be7 6. Nc3 0-0 7. d4 b6 8. Bd3 Bb7 9. 0-0 Nbd7 10. Qe2 c5 11. Rac1 Rc8 12. Rfd1 Bd6 13. dxc5 Nxc5 14. Bb1 Qe7 15. cxd5 Nxd5 16. Nxd5 Bxd5 17. e4 Bb7 18. e5 Bb8 19. b4 Na4 20. Qd3 g6 21. Rxc8 Nxb2 22. Rxf8+ Qxf8 23. Qd7 Nxd1 24. Qxb7 Nc3 25. Bc2 Nd5 26. Bb3 Nxb4 27. Qe4 Qc5 28. h4 h5 29. Qf4 Nc6 30. Qf6 Bxe5 31. Nxe5 Qxe5 32. Qxe5 Nxe5 33. Kf1 Nd3 34. Ba4 Nc5 35. Bc6 Kf8 36. Ke2 Ke7 37. Ke3 Kd6 38. Bb5 a6 39. Be2 b5 40. f4 Na4 41. Kd4 Nb6 42. Bd3 Nd7 43. g3 Nb8 44. a4 Nc6+ 45. Kc3 Kc5 0-1

[Event "POL-chT 2nd League"]
[Site "Jastrzebia Gora"]
[Date "2024.09.07"]
[Round "8.11"]
[White "Jankowiak, Tomasz"]
[Black "Rusiniak, Slawomir"]
[Result "1-0"]
[WhiteElo "2102"]
[BlackElo "2061"]
[PlyCount "73"]
[EventDate "2024.08.31"]
[EventType "team-swiss"]
[EventRounds "9"]
[EventCountry "POL"]
[SourceTitle "EXT 2025"]
[Source "ChessBase"]
[SourceDate "2024.10.14"]
[SourceVersion "1"]
[SourceVersionDate "2024.10.14"]
[SourceQuality "1"]
[WhiteTeam "Kozuchow Odrodzenie"]
[BlackTeam "Zakrzewo Korona"]
[WhiteTeamCountry "POL"]
[BlackTeamCountry "POL"]

1. e4 g6 2. d4 Bg7 3. Nc3 c5 4. dxc5 Bxc3+ 5. bxc3 Qa5 6. Qd4 Nf6 7. Qb4 Qxb4 8. cxb4 Nxe4 9. f3 Nf6 10. Bb2 0-0 11. Bxf6 exf6 12. 0-0-0 b6 13. cxb6 axb6 14. Bc4 Nc6 15. c3 Ne5 16. Bd5 Ra7 17. f4 Ng4 18. Rd2 Ne3 19. Bb3 Nxg2 20. Ne2 Ba6 21. b5 Bc8 22. Rd6 Rc7 23. Rxb6 Bb7 24. Rg1 Bf3 25. Kd2 f5 26. a4 Rfc8 27. a5 Bxe2 28. Rxg2 Bf3 29. Rg3 Be4 30. a6 d5 31. Rd6 Kf8 32. b6 Ke7 33. Rxd5 Bxd5 34. Bxd5 Rc5 35. b7 Rxd5+ 36. Rd3 Rxc3 37. Kxc3 1-0

[Event "POL-chT 2nd League"]
[Site "Jastrzebia Gora"]
[Date "2024.09.01"]
[Round "2.29"]
[White "Jankowiak, Tomasz"]
[Black "Frac, Piotr"]
[Result "1-0"]
[WhiteElo "2102"]
[BlackElo "1907"]
[PlyCount "109"]
[EventDate "2024.08.31"]
[EventType "team-swiss"]
[EventRounds "9"]
[EventCountry "POL"]
[SourceTitle "EXT 2025"]
[Source "ChessBase"]
[SourceDate "2024.10.14"]
[SourceVersion "1"]
[SourceVersionDate "2024.10.14"]
[SourceQuality "1"]
[WhiteTeam "Kozuchow Odrodzenie"]
[BlackTeam "Wroclaw Srodmiescie"]
[WhiteTeamCountry "POL"]
[BlackTeamCountry "POL"]

1. e4 c5 2. Nf3 d6 3. d4 cxd4 4. Nxd4 Nf6 5. Nc3 Nc6 6. Bg5 e6 7. Qd2 a6 8. 0-0-0 Be7 9. f3 Nxd4 10. Qxd4 0-0 11. Kb1 b5 12. Bxf6 Bxf6 13. Qxd6 Qxd6 14. Rxd6 Bb7 15. a3 Rfc8 16. Rd7 Bc6 17. Rd1 Rab8 18. Na2 a5 19. c3 Kf8 20. Bd3 Be5 21. g3 g5 22. Rhf1 Rd8 23. Bc2 Ke7 24. Nc1 Rxd1 25. Rxd1 h5 26. Nb3 Bc7 27. Nd4 Bd7 28. b4 axb4 29. axb4 h4 30. Rg1 hxg3 31. hxg3 Bb6 32. Rd1 Bc7 33. g4 Be5 34. Kb2 Rc8 35. Bd3 Rb8 36. Ra1 Bc7 37. Ra7 Kd8 38. Kb3 e5 39. Nf5 Bxf5 40. exf5 Kd7 41. Ra6 Bd6 42. Ra5 Kc6 43. Ra7 Bc7 44. Ra6+ Rb6 45. Ra7 Rb8 46. Be4+ Kb6 47. Ra5 f6 48. c4 bxc4+ 49. Kxc4 Bd6 50. Rb5+ Kc7 51. Rxb8 Kxb8 52. Kd5 Bxb4 53. Ke6 Kc7 54. Kxf6 Bd2 55. Kg7 1-0

[Event "Titled Tuesday intern op 19th Mar Late"]
[Site "Chess.com INT"]
[Date "2024.03.19"]
[Round "2"]
[White "Bryakin, Mikhail"]
[Black "Jankowiak, Tomasz"]
[Result "1-0"]
[WhiteElo "2461"]
[BlackElo "2163"]
[PlyCount "55"]
[EventDate "2024.03.19"]
[EventType "swiss (blitz)"]
[EventRounds "11"]
[EventCountry "USA"]
[SourceTitle "EXT 2025"]
[Source "ChessBase"]
[SourceDate "2024.10.14"]
[SourceVersion "1"]
[SourceVersionDate "2024.10.14"]
[SourceQuality "1"]

1. e4 c6 2. Nf3 d5 3. d3 dxe4 4. dxe4 Qxd1+ 5. Kxd1 Bg4 6. Be2 Nd7 7. Nbd2 0-0-0 8. h3 Bh5 9. g4 Bg6 10. Nh4 Nc5 11. f3 e6 12. c3 Bd6 13. Kc2 Ne7 14. Nc4 Bg3 15. Nxg6 hxg6 16. Be3 b6 17. a4 Kc7 18. a5 Rb8 19. axb6+ axb6 20. Ra7+ Rb7 21. Rxb7+ Kxb7 22. Nxb6 Kxb6 23. b4 Bd6 24. bxc5+ Bxc5 25. Rb1+ Kc7 26. Bxc5 Rxh3 27. Bxe7 Rh2 28. Kd3 1-0

[Event "Titled Tuesday intern op 19th Mar Late"]
[Site "Chess.com INT"]
[Date "2024.03.19"]
[Round "1"]
[White "Jankowiak, Tomasz"]
[Black "Antoniou, Rafail"]
[Result "1-0"]
[WhiteElo "2163"]
[BlackElo "2036"]
[PlyCount "155"]
[EventDate "2024.03.19"]
[EventType "swiss (blitz)"]
[EventRounds "11"]
[EventCountry "USA"]
[SourceTitle "EXT 2025"]
[Source "ChessBase"]
[SourceDate "2024.10.14"]
[SourceVersion "1"]
[SourceVersionDate "2024.10.14"]
[SourceQuality "1"]

1. e4 c5 2. Nf3 e6 3. c4 Nf6 4. Nc3 Nc6 5. Be2 d5 6. exd5 exd5 7. d4 cxd4 8. Nxd4 Bb4 9. 0-0 0-0 10. Bg5 Bxc3 11. bxc3 Be6 12. Nxc6 bxc6 13. cxd5 cxd5 14. Qd4 h6 15. Bxf6 Qxf6 16. Qxf6 gxf6 17. Rfd1 Rfc8 18. Bf3 Rxc3 19. Bxd5 Bxd5 20. Rxd5 Rac8 21. g3 Ra3 22. Rd2 Kg7 23. Rb1 Rc6 24. Rb7 Rca6 25. Rdd7 Rxa2 26. Rxf7+ Kg6 27. Kg2 Kf5 28. Rh7 Rc2 29. Rxa7 Rxa7 30. Rxa7 Kg6 31. Kf3 h5 32. Ra3 Rc4 33. Kg2 Rb4 34. Kh3 Rc4 35. Ra5 Rb4 36. Rc5 Rd4 37. Rc2 Kg5 38. f4+ Kg6 39. Kh4 Ra4 40. Rc5 Ra2 41. h3 Ra3 42. Rxh5 f5 43. Rg5+ Kf6 44. Kh5 Ra8 45. Rg6+ Kf7 46. g4 Ra3 47. Kg5 Rxh3 48. Kxf5 Ra3 49. Rf6+ Kg7 50. Re6 Kf7 51. Re5 Ra6 52. Rb5 Rf6+ 53. Ke4 Re6+ 54. Kf3 Ra6 55. g5 Ke7 56. Kg4 Ra1 57. Rb7+ Ke6 58. f5+ Ke5 59. Re7+ Kd6 60. Re6+ Kd7 61. g6 Rg1+ 62. Kh5 Rh1+ 63. Kg5 Rg1+ 64. Kf6 Kd8 65. g7 Kd7 66. Kf7 Rf1 67. Rf6 Rg1 68. g8Q Re1 69. Qg3 Re7+ 70. Kg6 Ke8 71. Re6 Kf8 72. Rxe7 Kxe7 73. Qe5+ Kf8 74. Qg7+ Ke8 75. Kf6 Kd8 76. Ke6 Kc8 77. Kd6 Kd8 78. Qd7# 1-0

[Event "Titled Tuesday intern op 24th Oct Early"]
[Site "Chess.com INT"]
[Date "2023.10.24"]
[Round "3"]
[White "Jankowiak, Tomasz"]
[Black "Rietze, Clemens"]
[Result "0-1"]
[WhiteElo "2135"]
[BlackElo "2329"]
[PlyCount "68"]
[EventDate "2023.10.24"]
[EventType "swiss (blitz)"]
[EventRounds "11"]
[EventCountry "USA"]
[SourceTitle "EXT 2025"]
[Source "ChessBase"]
[SourceDate "2024.10.14"]
[SourceVersion "1"]
[SourceVersionDate "2024.10.14"]
[SourceQuality "1"]

1. e4 c5 2. Nf3 Nc6 3. d4 cxd4 4. Nxd4 Nf6 5. Nc3 d6 6. Bg5 e6 7. f4 a6 8. Qd2 Bd7 9. 0-0-0 Be7 10. Nf3 b5 11. Bd3 b4 12. Ne2 Qc7 13. Kb1 0-0 14. h4 Ng4 15. Ned4 h6 16. Bxe7 Nxe7 17. Rdf1 a5 18. h5 e5 19. Nf5 Nxf5 20. exf5 Nf6 21. g4 exf4 22. Qxf4 Nd5 23. Qd2 Nc3+ 24. Ka1 f6 25. bxc3 bxc3 26. Qc1 Rab8 27. Nd4 Rb2 28. Ne2 Rfb8 29. Rf4 Qc5 30. Bc4+ d5 31. Nxc3 dxc4 32. Rd1 Qa3 33. Rf3 Ba4 34. Rd5 Bxc2 0-1